The emergence of early modern Chinese nationalism : a study of its intellectual and political origins /
Saved in:
| Main Author: | |
|---|---|
| Format: | Thesis Book |
| Language: | English |
| Published: |
[Kuala Lumpur] :
1969.
|
| Subjects: | |
| Tags: |
Add Tag
No Tags, Be the first to tag this record!
|
| LEADER | 01063cam a2200289 a 4500 | ||
|---|---|---|---|
| 001 | u129714 | ||
| 003 | SIRSI | ||
| 008 | 911219s1969 my t 00 1 eng m | ||
| 035 | |a AAO-6163 | ||
| 040 | |a UMM | ||
| 043 | |a a-cc--- | ||
| 090 | |a DS753 |b Cha | ||
| 091 | |a Microfiche 265 | ||
| 100 | 1 | 0 | |a Chan, Ngor-chong. |
| 245 | 1 | 4 | |a The emergence of early modern Chinese nationalism : |b a study of its intellectual and political origins / |c Chan Ngor-chong. |
| 260 | |a [Kuala Lumpur] : |c 1969. | ||
| 300 | |a 360 leaves ; |c 29 cm. | ||
| 500 | |a Mimeographed. | ||
| 500 | |a Microfiche (negative) Kuala Lumpur, University of Malaya Library, 1972. 6 fiches. 11 x 15 cm. | ||
| 502 | |a Dissertation (M.A.) -- Universiti Malaya, 1969. | ||
| 504 | |a Bibliography: leaves 357-360. | ||
| 650 | 0 | |a Nationalism |z China. | |
| 651 | 0 | |a China |x History |y Ming dynasty, 1368-1644. | |
| 651 | 0 | |a China |x History |y Qing dynasty, 1644-1912. | |
| 948 | |a 06/01/1992 |b 24/07/2002 | ||
| 596 | |a 1 | ||
| 999 | |a DS753 CHA |w LC |c 1 |i A002891929 |d 29/7/2017 |e 25/7/2017 |l STACKS |m P01UTAMA |n 3 |r Y |s Y |t TESIS |u 20/1/1992 | ||
